|
|
|
|
| LEADER |
00000nam0a2200000 4500 |
| 001 |
14723 |
| 005 |
20231101204952.0 |
| 010 |
|
|
|a 5160001476
|
| 035 |
|
|
|a (RuTPU)RU\TPU\book\14821
|
| 035 |
|
|
|a BOOK00014889
|
| 090 |
|
|
|a 14723
|
| 100 |
|
|
|a 20011209d2000 m y0rusy50 ca
|
| 101 |
0 |
|
|a rus
|
| 102 |
|
|
|a RU
|
| 105 |
|
|
|a y j 001zy
|
| 200 |
1 |
|
|a Логистика
|e учебник
|f Под ред. Б. А. Аникина
|
| 205 |
|
|
|a 2-е изд., перераб. и доп.
|
| 210 |
|
|
|a Москва
|c Инфра-М
|d 2000
|
| 215 |
|
|
|a 352 с.
|
| 225 |
1 |
|
|a Высшее образование
|
| 320 |
|
|
|a Библиогр.: с. 352
|
| 451 |
|
1 |
|0 (RuTPU)RU\TPU\book\97799
|y 5-16-001941-3
|t Логистика
|o учебник
|f Государственный университет управления; Институт мировой экономики и международных отношений; Московский Государственный технический университет им. Н. Э. Баумана; под ред. Б. А. Аникина
|e 3-е изд., перераб. и доп.
|c Москва
|n Инфра-М
|d 2005
|p 367 с.
|
| 451 |
|
1 |
|0 (RuTPU)RU\TPU\book\12959
|y 5-86225-9589
|t Логистика
|o учебное пособие
|f Под ред. Б. А. Аникина
|c Москва
|n Инфра-М
|d 1999
|p 326 с.
|s Высшее образование
|
| 606 |
|
|
|a Логистика
|x Маркетинг
|2 stltpush
|3 (RuTPU)RU\TPU\subj\36365
|9 57773
|
| 610 |
1 |
|
|a экономика
|
| 610 |
1 |
|
|a материально-техническое снабжение
|
| 610 |
1 |
|
|a материальные потоки
|
| 610 |
1 |
|
|a учебные пособия
|
| 686 |
|
|
|a У9(2)40я73
|v LBC/SL-A
|2 rubbk
|
| 702 |
|
1 |
|a Аникин
|b Б. А.
|4 340
|
| 801 |
|
0 |
|a RU
|b 63413507
|c 20011209
|g PSBO
|
| 801 |
|
2 |
|a RU
|b 63413507
|c 20210930
|g PSBO
|
| 900 |
|
|
|a Логистика
|
| 942 |
|
|
|c BK
|